000 01136cam a2200325 a 4500
001 15411973
003 OSt
005 20140310182745.0
008 080814s2009 maua b 001 0 eng
010 _a 2008035934
020 _a9780071276252
040 _aDLC
_cDLC
_dDLC
050 0 0 _aHB 139
_b.G84 2009
100 1 _aGujarati, Damodar N.
245 1 0 _aBasic econometrics /
_cDamodar N. Gujarati, Dawn C. Porter.
250 _a5th ed.
260 _aBoston :
_bMcGraw-Hill Irwin,
_c2009.
300 _axx, 922 p. :
_bill. ;
_c26 cm.
504 _aIncludes bibliographical references (p. 902-903) and indexes.
521 _aBSBA
526 _c1210L to 1700L
562 _eFor Circulation. 1 Copy Available in the Collection
650 0 _aEconometrics.
700 1 _aPorter, Dawn C.
856 4 1 _3Table of contents only
_uhttp://www.loc.gov/catdir/toc/ecip0825/2008035934.html
906 _a7
_bcbc
_corignew
_d1
_eecip
_f20
_gy-gencatlg
942 _2lcc
_cBK
_kFOR
999 _c15639
_d15639